| 000 | 00659nam a2200181 a 4500 | ||
|---|---|---|---|
| 001 | 30411 | ||
| 005 | 20180713233623.0 | ||
| 008 | 140415s2003 mx 000 0 spa d | ||
| 020 | _a9789682467158 | ||
| 041 | _aspa | ||
| 082 |
_a371.1023 _bFER |
||
| 100 | 1 | _aFerreiro Gravié, Ramón,. | |
| 245 | 1 | 0 |
_aESTRATEGIAS DIDACTICAS DEL APRENDIZAJE : _bEL CONSTRUCTIVISMO SOCIAL: UNA NUEVA FROMA DE ENSEÑAR Y APRENDER, AMBIENTES FAVORABLES PARA APRENDER, ORIENTACIOND DE LA ATENCION DE LOS ALUMNOS, EVALUACION DE LOS APRENDIZAJES. |
| 250 | _a1º EDICIÓN | ||
| 260 |
_aMEXICO : _bTRILLAS, _c2003 |
||
| 300 |
_a189 _c18 x 16 x 23 |
||
| 520 | _aRP | ||
| 999 |
_c30411 _d30411 |
||